El pequeño Lafourcade ilustrado

Guardat en:
Dades bibliogràfiques
Autor principal: Lafourcade Valdenegro, Enrique (autor)
Format: Llibre
Idioma:espanyol
Publicat: Santiago Universitaria 1986
Col·lecció:Colección los contemporaneos
Matèries:
Etiquetes: Afegir etiqueta
Sense etiquetes, Sigues el primer a etiquetar aquest registre!

MARC

LEADER 00000nam a2200000 a 4500
001 UCX8668
003 CL-VaPUC
008 940418e19860000CL |||||||||||||||||spa|d
082 0 4 |a Ch863  |b LAF  |2 21 
100 |a Lafourcade Valdenegro, Enrique  |e autor  |9 543407 
245 1 3 |a El pequeño Lafourcade ilustrado 
300 |a 197 p 
942 |c BK 
945 |d 19940418 00:00:00  |a rbrito 
260 |a Santiago  |b Universitaria  |c 1986 
650 0 |a Crónicas chilenas  |9 321511 
650 0 |a Literatura chilena   |9 308278 
583 |a last modification  |c 19940418 00:00:00  |k Rodrigo Vera 
490 0 |a Colección los contemporaneos 
999 |c 228106  |d 228104 
952 |0 0  |1 0  |4 0  |6 CH_863_000000000000000_LAF_1986  |7 0  |8 A  |9 227725  |a BIBEDU  |b BIBEDU  |d 2019-11-15  |i 2968681  |o Ch863 LAF 1986  |p 2968681  |r 2019-11-15  |w 2019-11-15  |y BK  |k LIT